000 00401nam a2200169Ia 4500
001 4747
003 IN-NITTTR
005 20251114233002.0
008 251113s9999||||xx |||||||||||||| ||eng||
040 _beng
040 _cIN-NITTTR
041 _aeng
082 _a621.381528 B312Q
100 _aBrown, Clement
245 0 _aQuestions and answers on transistors. /
_cBrown, Clement
942 _2ddc
_cBK
999 _c7383
_d7383